<?xml version="1.0" encoding="UTF-8"?>
<marc:record xmlns:marc="http://www.loc.gov/MARC21/slim">
   <marc:leader>00000nam a2200000 a 4500</marc:leader>
   <marc:datafield ind1="1" ind2=" " tag="100">
      <marc:subfield code="a">MAL, Peet</marc:subfield>
      <marc:subfield code="4">aut</marc:subfield>
      <marc:subfield code="e">Verfasser/-in</marc:subfield>
   </marc:datafield>
   <marc:datafield ind1="1" ind2=" " tag="100">
      <marc:subfield code="a">SCHÖNFELD,  Eike</marc:subfield>
      <marc:subfield code="4">trl</marc:subfield>
      <marc:subfield code="e">Übersetzer/-in</marc:subfield>
   </marc:datafield>
   <marc:datafield ind1=" " ind2=" " tag="653">
      <marc:subfield code="a">Fußball</marc:subfield>
   </marc:datafield>
   <marc:datafield ind1="0" ind2="0" tag="245">
      <marc:subfield code="a">Keeper</marc:subfield>
   </marc:datafield>
   <marc:datafield ind1="0" ind2="0" tag="245">
      <marc:subfield code="c">MAL Peet; Schönfeld Eike</marc:subfield>
   </marc:datafield>
   <marc:datafield ind1=" " ind2="1" tag="264">
      <marc:subfield code="a">Hamburg</marc:subfield>
      <marc:subfield code="b">Carlsen Verlag</marc:subfield>
      <marc:subfield code="c">2008</marc:subfield>
   </marc:datafield>
   <marc:datafield ind1="1" ind2=" " tag="520">
      <marc:subfield code="a">Mal Peet, aufgewachsen in Norfolk, England, hatte als Kind drei Leidenschaften: Sein Fahrrad, Bücher und Fußball. Später studierte er und arbeitete als Lehrer, Bauarbeiter, und Klempner. Nach der Geburt seiner Kinder begann er Kinderbücher zu schreiben und zu illustieren. " Keeper " ist sein erster Jugendroman un d wurde 2007 für den Deutschen Jugendliteraturpreis nominiert. Mal Peet lebt heute mit seiner Familie in Devon.##Er kam aus dem Nichts, aus der Tiefe des Dschungels - jetzt ist er der berühmteste Torwart der Welt: El Gato, die Katze. In einer einzigen Nacht erzählt El Gato dem Journalisten Paul seine Geschichte: Vom Aufwachsen in einer kleinen Holzfällersiedlung mitten im Urwald. Von seiner Entdeckung, seinem Aufstieg und vom tragischen Tod des Vaters. Aber auch von dem geheimnisvollen Keeper, dem er alles verdankt.</marc:subfield>
   </marc:datafield>
   <marc:datafield ind1=" " ind2=" " tag="020">
      <marc:subfield code="a">9783551356987</marc:subfield>
      <marc:subfield code="9">9783551356987</marc:subfield>
   </marc:datafield>
   <marc:datafield ind1=" " ind2=" " tag="041">
      <marc:subfield code="a">ger</marc:subfield>
   </marc:datafield>
   <marc:datafield ind1=" " ind2=" " tag="500">
      <marc:subfield code="a">Jugendroman</marc:subfield>
   </marc:datafield>
   <marc:datafield ind1=" " ind2=" " tag="300">
      <marc:subfield code="a">222 S.</marc:subfield>
   </marc:datafield>
</marc:record>
